000 00590nam a2200193Ia 4500
005 20250508164813.0
008 008 250505s9999 xx 000 0 eng d
037 _aTheses
040 _aFEDL
_beng
_cFEDL
041 _aeng
_2eng
084 _a370.15, SHA/TH
_qFEDL
100 _aSharma Rajesh
245 0 _aThinking styles of college students in relation to their cognitive and non-cognitive characteristics
260 _c2002
300 _axix,264p.
546 _aPH.D Thesis (C C S University, Meerut)
942 _cTH
_h370.15, SHA/TH
999 _c1391278
_d1391278